Statistics for Countries that Start with B (Alphabetical)

Click here to take the quiz!

General Stats

  • This quiz has been taken 18 times
  • The average score is 14 of 17

Answer Stats

Answer% Correct
Bahamas
100%
Bahrain
94%
Barbados
88%
Belarus
88%
Belgium
88%
Bolivia
88%
Botswana
88%
Brazil
88%
Burkina Faso
88%
Burundi
88%
Bangladesh
81%
Benin
81%
Belize
75%
Bhutan
75%
Brunei
75%
Bosnia and Herzegovina
69%
Bulgaria
69%

Score Distribution

Percentile by Number Answered

Percent of People with Each Score

Your Score History

You have not taken this quiz